| 000 | 00625nam a2200217 a 4500 | ||
|---|---|---|---|
| 001 | 00009253 | ||
| 008 | 110328s1999 a g 000 0 eng d | ||
| 020 |
_a0240515471 : _cTK.2238.88 |
||
| 040 |
_aBD-Dh-IUB _cBD-Dh-IUB |
||
| 082 | 0 | 4 |
_a070.194 _219 |
| 100 | 1 | _aGage, Linda | |
| 245 | 0 | 0 |
_aA Guide to Commercial Radio Journalism / _cLinda Gage |
| 250 | _a2nd ed. | ||
| 260 |
_aOxford : _bFocal Press, _c1999. |
||
| 300 |
_axv,176p. : _billus ; _c23cm |
||
| 520 | 0 | _aCommunication | |
| 556 | _a01\11\04 | ||
| 650 | 1 | 7 |
_aRadio News _2Spines |
| 650 | 1 | 7 |
_aCommercial publications _2Spines |
| 999 |
_c2370 _d2370 |
||